Gracie Abrams - Chansons de Good Riddance dans l'ordre alphabétique - Statistiques

Statistiques générales
  • Ce quiz a été pris 9 fois
  • Le résultat moyen est 12 sur 16
Statistiques - réponses
Lettre Chansons % Correct
I I Know It Won't Work
100%
Chiffre 405
88%
A Amelie
88%
B Best
88%
R Right Now
88%
B Block Me Out
75%
B The Blue
75%
U Unsteady
75%
W Will You Cry?
75%
D Difficult
63%
F Fault Line
63%
I I Should Hate You
63%
T This Is What the Drugs Are For
63%
T Two People
63%
W Where Do We Go Now?
63%
F Full Machine
38%
Aucun quiz correspondant
Distribution des résultats
% des personnes avec chaque résultat
Percentile par nombre de réponses
Votre historique - résultats
Vous n’avez pas pris ce quiz